| 000 | 01074nam a2200313 c 4500 | ||
|---|---|---|---|
| 003 | BLK | ||
| 005 | 20240623004113.0 | ||
| 008 | 180408b bul|||||r ||||||| ||bul|| | ||
| 040 | _aBLK | ||
| 041 |
_aBUL _cBUL |
||
| 080 |
_aБългарска литература(изследвания) _b821.163.2.09 _z821.163.2.09(092) |
||
| 080 |
_aБиографии - България _b929(497.2) _z929(497.2) |
||
| 080 |
_aБългарска литература _b821.163.2 _z821.163.2-6 |
||
| 100 | 1 |
_aПамуков, Стефан _9105867 |
|
| 245 | 1 | 0 |
_aГодини на самота _cСтефан Памуков |
| 257 | _aBGR | ||
| 260 |
_bSM _c1999 _9209984 _aПловдив _n978-954-92290- |
||
| 300 |
_a112 с. _c20 см |
||
| 380 | _a82 | ||
| 650 | 0 |
_aПисатели, български _9241944 |
|
| 650 | 7 |
_9166705 _aПоети, български |
|
| 650 | 7 |
_9159464 _aКореспонденция |
|
| 856 | 4 | _qpdf | |
| 856 | 4 | _qpdf | |
| 942 |
_cKNG _n0 |
||
| 944 |
_cНора Радева _k _lCRON CRON _a30545 |
||
| 999 |
_c509137 _d509137 |
||
| 999 | _d509133 | ||
| 999 | _d71035 | ||